[Event "Bundesliga 2022-23"]
[Site "Munich GER"]
[Date "2023.04.29"]
[Round "14.8"]
[Board "7"]
[White "Lokander, Martin"]
[Black "Petrov, Martin"]
[Result "1/2-1/2"]
[WhiteTitle "IM"]
[BlackTitle "GM"]
[WhiteElo "2449"]
[BlackElo "2530"]
[WhiteTeam "FC Bayern Muenchen"]
[BlackTeam "SV Deggendorf"]
[WhiteFideId "1709569"]
[BlackFideId "2911086"]
[EventDate "2022.10.22"]

1. d4 Nf6 2. c4 e6 3. Nc3 Bb4 4. Qc2 d5 5. cxd5 exd5 6. Bg5 c5 7. dxc5 h6 8. Bh4
O-O 9. e3 Nc6 10. Nf3 Bxc5 11. Bxf6 Qxf6 12. Nxd5 Bb4+ 13. Nxb4 Nxb4 14. Qd2 a5
15. Nd4 Rd8 16. Be2 Be6 17. O-O Bxa2 18. b3 Bxb3 19. Rxa5 Rxa5 20. Qxb4 Rxd4 21.
exd4 Ra2 22. Bf3 Be6 23. Bxb7 Qf4 24. Qc5 Qd2 25. Be4 g6 26. d5 Ra5 27. Qe7 Bxd5
28. Qe8+ Kg7 29. Qe5+ Kh7 30. Qd6 Kg7 31. Qe5+ Kh7 32. Qd6 Kg7 33. Qe5+ 1/2-1/2

[Event "Bundesliga 2022-23"]
[Site "Munich GER"]
[Date "2023.04.29"]
[Round "14.8"]
[Board "8"]
[White "Kuznecovs, Nikita"]
[Black "Johansson, Linus"]
[Result "1/2-1/2"]
[WhiteTitle "FM"]
[BlackTitle "IM"]
[WhiteElo "2301"]
[BlackElo "2461"]
[WhiteTeam "SV Deggendorf"]
[BlackTeam "FC Bayern Muenchen"]
[WhiteFideId "11604557"]
[BlackFideId "1711113"]
[EventDate "2022.10.22"]

1. Nf3 c5 2. g3 Nc6 3. Bg2 g6 4. O-O Bg7 5. e4 e5 6. d3 Nge7 7. Nc3 O-O 8. Nd2
d6 9. Nc4 Be6 10. a4 Qd7 11. Nd5 Rad8 12. c3 Bh3 13. Nxe7+ Nxe7 14. Bxh3 Qxh3
15. Qb3 Rd7 16. a5 d5 17. Ne3 c4 18. dxc4 dxe4 19. c5 Kh8 20. a6 bxa6 21. Rxa6
f5 22. Qe6 Rc7 23. Rd6 Ng8 24. Nd5 Rxc5 25. Rd7 Rxd5 26. Rxd5 Nf6 27. Rd2 Ng4
28. f3 exf3 29. Rxf3 e4 30. Rf1 Ne5 31. Rdf2 Nd3 32. Rg2 Ne5 33. Qd5 Nf3+ 34.
Rxf3 exf3 35. Qxf3 Bh6 36. Bf4 Bxf4 37. Qxf4 Qg4 38. Qe5+ Kg8 39. Rd2 f4 40. Rd4
Qf3 41. Rd7 Qe3+ 42. Qxe3 fxe3 43. Re7 Rf3 44. Rxa7 1/2-1/2

[Event "Bundesliga 2022-23"]
[Site "Kiel GER"]
[Date "2023.10.22"]
[Round "15.5"]
[White "Grandelius, Nils"]
[Black "McShane, Luke J"]
[Result "1/2-1/2"]
[WhiteElo "2660"]
[BlackElo "2626"]
[EventDate "2022.10.22"]
[Board "1"]

1. e4 e5 2. Nf3 Nc6 3. Bb5 Nf6 4. O-O Nxe4 5. Re1 Nd6 6. Nxe5 Be7 7. Bf1
Nxe5 8. Rxe5 O-O 9. d4 Bf6 10. Re1 Re8 11. Bf4 Rxe1 12. Qxe1 Ne8 13. c3 d5
14. Nd2 c6 15. Bd3 g6 16. Nf3 Ng7 17. Bh6 Be7 18. Qe3 Nf5 19. Bxf5 Bxf5 20.
Re1 Bd6 21. Bf4 Bf8 22. Bh6 Bd6 23. Bf4 Bf8 24. Bh6 Bd6 1/2-1/2

[Event "Bundesliga 2022-23"]
[Site "Kiel GER"]
[Date "2023.10.22"]
[Round "15.5"]
[White "Areshchenko, Alexander"]
[Black "Svane, Rasmus"]
[Result "1/2-1/2"]
[WhiteElo "2627"]
[BlackElo "2621"]
[EventDate "2022.10.22"]
[Board "2"]

1. e4 e5 2. Nf3 Nc6 3. Bc4 Nf6 4. d3 Bc5 5. Nc3 a6 6. a4 d6 7. Be3 Bxe3 8.
fxe3 O-O 9. O-O Be6 10. Nd2 Nb4 11. h3 Qe7 12. Rf2 Rad8 13. a5 c5 14. b3
Kh8 15. Nf3 Nc6 16. Qd2 h6 17. Ne2 Rde8 18. Ng3 Qd8 19. Qc3 Kg8 20. Nd2 g6
21. Nf3 Nh7 22. Kh2 Ng5 23. Bd5 Nb4 24. Bc4 Nc6 25. Bd5 Qc7 26. Qd2 Qd8
1/2-1/2

[Event "Bundesliga 2022-23"]
[Site "Kiel GER"]
[Date "2023.10.22"]
[Round "15.5"]
[White "Kempinski, Robert"]
[Black "Efimenko, Zahar"]
[Result "1/2-1/2"]
[WhiteElo "2559"]
[BlackElo "2577"]
[EventDate "2022.10.22"]
[Board "3"]

1. d4 Nf6 2. Nf3 e6 3. c4 b6 4. a3 Bb7 5. Nc3 d5 6. Bg5 Be7 7. cxd5 exd5 8.
e3 O-O 9. Be2 Nbd7 10. O-O c5 11. Rc1 Rc8 12. Re1 h6 13. Bh4 a6 14. dxc5
bxc5 15. Bd3 Ne4 16. Bxe7 Qxe7 17. Qe2 Qe6 18. Nd2 Nxc3 19. Rxc3 Rfe8 20.
Qf1 Qf6 1/2-1/2

[Event "Bundesliga 2022-23"]
[Site "Kiel GER"]
[Date "2023.10.22"]
[Round "15.5"]
[White "Van Foreest, Lucas"]
[Black "Svane, Frederik"]
[Result "1/2-1/2"]
[WhiteElo "2552"]
[BlackElo "2600"]
[EventDate "2022.10.22"]
[Board "4"]

1. d4 Nf6 2. c4 e6 3. g3 d5 4. Bg2 Be7 5. Nf3 O-O 6. O-O dxc4 7. Ne5 Nc6 8.
Bxc6 bxc6 9. Nxc6 Qe8 10. Nxe7+ Qxe7 11. Qa4 e5 12. dxe5 Qxe5 13. Qxc4 Be6
14. Qc2 Bf5 15. Qc4 Be6 16. Qc2 Bf5 17. Qc4 1/2-1/2

[Event "Bundesliga 2022-23"]
[Site "Kiel GER"]
[Date "2023.10.22"]
[Round "15.5"]
[White "Babula, Vlastimil"]
[Black "Heinemann, Thies"]
[Result "1-0"]
[WhiteElo "2532"]
[BlackElo "2446"]
[EventDate "2022.10.22"]
[Board "6"]

1. d4 Nf6 2. c4 e6 3. Nf3 b6 4. a3 Ba6 5. Qc2 Bb7 6. Nc3 c5 7. e4 cxd4 8.
Nxd4 Bc5 9. Nb3 Nc6 10. Nxc5 bxc5 11. Be3 Qb6 12. f3 Nd4 13. Qf2 e5 14. Bd3
O-O 15. b4 d6 16. O-O Nd7 17. Rab1 Qa6 18. Rfd1 Rab8 19. a4 cxb4 20. Nb5
Nc5 21. Rxb4 Nc6 22. Rbb1 Nxd3 23. Rxd3 Qxa4 24. Ra3 Qxc4 25. Nxd6 Qe6 26.
Nxb7 Rfd8 27. Raa1 1-0

[Event "Bundesliga 2022-23"]
[Site "Kiel GER"]
[Date "2023.10.22"]
[Round "15.5"]
[White "Rogozenco, Dorian"]
[Black "Reuker, Jari"]
[Result "0-1"]
[WhiteElo "2425"]
[BlackElo "2418"]
[EventDate "2022.10.22"]
[Board "7"]

1. Nf3 Nf6 2. c4 e6 3. Nc3 d5 4. e3 b6 5. cxd5 exd5 6. g3 Bb7 7. Bg2 Bd6 8.
O-O O-O 9. b3 a6 10. Bb2 Nbd7 11. Rc1 Re8 12. Ne2 Rc8 13. Nf4 c5 14. d4 c4
15. Ne5 b5 16. bxc4 bxc4 17. Nxd7 Qxd7 18. Bh3 Qb5 19. Bxc8 Bxc8 20. Qc2 g6
21. f3 Rxe3 22. Rce1 Bf5 23. Qc1 Bxf4 24. gxf4 Rd3 25. Rd1 Qa4 26. Rxd3
Bxd3 27. Re1 Qxa2 28. Ba3 Bf5 29. Qe3 Bh3 30. Re2 Qa1+ 31. Re1 Qa2 32. Re2
Qa1+ 33. Kf2 Qf1+ 34. Kg3 Bf5 35. Rg2 h6 36. Qe7 Nh5+ 37. Kh4 Qxg2 38. Qf8+
Kh7 39. Qxf7+ Ng7 0-1

[Event "Bundesliga 2022-23"]
[Site "Kiel GER"]
[Date "2023.10.22"]
[Round "15.5"]
[White "Colbow, Collin"]
[Black "Sebastian, Dirk"]
[Result "1/2-1/2"]
[WhiteElo "2403"]
[BlackElo "2434"]
[EventDate "2022.10.22"]
[Board "8"]

1. e4 c5 2. Nf3 Nc6 3. d4 cxd4 4. Nxd4 Nf6 5. Nc3 e5 6. Ndb5 d6 7. Bg5 a6
8. Na3 b5 9. Nab1 Be7 10. Bxf6 Bxf6 11. a4 b4 12. Nd5 O-O 13. Bc4 Be6 14.
O-O Bg5 15. Qd3 a5 16. c3 Rc8 17. Rd1 bxc3 18. Nbxc3 Nb4 19. Qe2 h5 20. b3
Nxd5 21. Nxd5 g6 22. Ra2 Bg4 23. f3 Be6 24. Kh1 Rc5 25. Rc2 Qb8 26. Rc3
Bxd5 27. Rxd5 Rxd5 28. Bxd5 Kg7 29. Rc6 Rc8 30. Rxc8 Qxc8 31. Qc4 Qxc4
1/2-1/2

[Event "Bundesliga 2022-23"]
[Site "Kiel GER"]
[Date "2023.10.22"]
[Round "15.6"]
[White "Bjerre, Jonas Buhl"]
[Black "Ivic, Velimir"]
[Result "1/2-1/2"]
[WhiteElo "2606"]
[BlackElo "2595"]
[EventDate "2022.10.22"]
[Board "1"]

1. e4 c6 2. Nf3 d5 3. d3 g6 4. e5 f6 5. exf6 exf6 6. Be2 Bg7 7. O-O Ne7 8.
c4 O-O 9. Re1 Na6 10. d4 Nc7 11. Bf4 g5 12. Bxc7 Qxc7 13. Nc3 g4 14. Nd2 f5
15. cxd5 cxd5 16. Qb3 Rd8 17. Nf1 Kh8 18. Rac1 Nc6 19. Nxd5 Qd6 20. Bc4 Be6
21. Qxb7 Nxd4 22. Nc7 Rdb8 23. Qa6 Rb6 24. Qa5 Qxc7 25. Bxe6 Ne2+ 26. Rxe2
Qxc1 27. Bxf5 Qg5 28. Ne3 Bd4 29. g3 Rxb2 30. Rxb2 Bxb2 31. Qb4 Bg7 32.
Bxh7 Rd8 33. Bc2 Re8 34. Qxg4 Qxg4 35. Nxg4 Re2 36. Bb3 a5 37. Kg2 a4 38.
Bxa4 Rxa2 39. Bd7 Bd4 40. h4 Kg7 41. Bf5 Ra5 42. Be4 Ra2 43. Kf3 Bc5 44.
Ne3 Ra3 45. Kf4 Kf6 46. Ng4+ Kg7 47. Ne3 Kf6 48. g4 Bd6+ 49. Kf3 Ke5 50. g5
Bc5 51. Bc2 Rc3 52. Bg6 Ra3 53. Bf7 Ra4 54. Nc4+ Kf5 55. Bd5 Kg6 56. Kg3
Kf5 57. Bg8 Ra7 58. f4 Rb7 59. Ne5 Bd6 60. Nd3 Ke4 61. Nf2+ Kf5 62. Nd3 Ke4
63. Bc4 Kd4 64. Ne5 Bxe5 65. fxe5 Kxe5 66. g6 Kf6 67. Bf7 Rxf7 1/2-1/2

[Event "Bundesliga 2022-23"]
[Site "Kiel GER"]
[Date "2023.10.22"]
[Round "15.6"]
[White "Brkic, Ante"]
[Black "Teclaf, Pawel"]
[Result "1/2-1/2"]
[WhiteElo "2606"]
[BlackElo "2573"]
[EventDate "2022.10.22"]
[Board "2"]

1. e4 e5 2. Nf3 Nf6 3. Nxe5 d6 4. Nf3 Nxe4 5. d4 d5 6. Bd3 Bf5 7. O-O Be7
8. Ne5 O-O 9. Nc3 Nxc3 10. bxc3 Bxd3 11. cxd3 Nc6 12. Qb3 Na5 13. Qa4 b6
14. Re1 Re8 15. Bf4 Bd6 16. Bg3 Qc8 17. Nf3 Bxg3 18. hxg3 f6 19. c4 c6 20.
Rxe8+ Qxe8 21. Re1 Qd7 1/2-1/2

[Event "Bundesliga 2022-23"]
[Site "Kiel GER"]
[Date "2023.10.22"]
[Round "15.6"]
[White "Thybo, Jesper Sondergaard"]
[Black "Stevic, Hrvoje"]
[Result "1/2-1/2"]
[WhiteElo "2527"]
[BlackElo "2540"]
[EventDate "2022.10.22"]
[Board "3"]

1. d4 d5 2. Nf3 Nf6 3. c4 dxc4 4. e3 e6 5. Bxc4 c5 6. O-O Nc6 7. Bb5 Bd7 8.
Nc3 a6 9. Bd3 cxd4 10. exd4 Nb4 11. Ne5 Be7 12. Be2 O-O 13. Bf3 Bc6 14.
Nxc6 bxc6 15. Na4 Qc7 16. a3 Nbd5 17. Qc2 Rfc8 18. Rd1 Qa7 19. Bg5 h6 20.
Bh4 Nd7 21. Bxe7 Nxe7 22. Rac1 Rab8 23. Qc3 a5 24. Rc2 Qa6 25. Nc5 Nxc5 26.
Qxc5 Rc7 27. g3 Rb5 28. Qd6 Qc8 29. Qf4 Rd7 30. Rdc1 Qb8 31. Qxb8+ 1/2-1/2

[Event "Bundesliga 2022-23"]
[Site "Kiel GER"]
[Date "2023.10.22"]
[Round "15.6"]
[White "Jovanovic, Zoran"]
[Black "Pajeken, Jakob Leon"]
[Result "1/2-1/2"]
[WhiteElo "2522"]
[BlackElo "2441"]
[EventDate "2022.10.22"]
[Board "4"]

1. e4 e5 2. Nf3 Nc6 3. Bb5 a6 4. Ba4 Nf6 5. Nc3 Bc5 6. d3 d6 7. Bxc6+ bxc6
8. Be3 Bb6 9. O-O O-O 10. h3 Re8 11. Re1 Rb8 12. Bxb6 cxb6 13. d4 Qc7 14.
dxe5 dxe5 15. Qd2 Be6 16. Rad1 Rbd8 17. Qg5 Nd7 18. Rd2 f6 19. Qe3 Nc5 20.
Red1 Nb7 21. Qe2 b5 22. Qe3 c5 23. Nd5 Bxd5 24. Rxd5 Rxd5 25. Rxd5 Rd8 26.
Qd2 Rd6 27. b3 Qd7 28. c4 Rxd5 29. exd5 e4 30. Nh2 Qe7 31. Qc3 f5 32. Nf1
Kf7 33. Qg3 Nd6 34. Qe3 bxc4 35. Qxc5 cxb3 36. axb3 f4 37. Qb6 Qe5 38. Qxa6
Qxd5 39. Qa7+ Kf6 40. Qd7 Qe6 41. Qd8+ Kf7 42. Qc7+ Qe7 43. Qc5 g6 44. g3
fxg3 45. Nxg3 Qe6 46. b4 Ke7 47. Kg2 Kd7 48. Qa7+ Kc6 49. Qa6+ Kd7 50. Qa7+
Kc6 51. Qc5+ Kd7 52. b5 e3 53. Qc6+ Ke7 54. b6 e2 55. Nxe2 Qxe2 56. b7 Nxb7
57. Qxb7+ Kf6 58. Qxh7 Qe4+ 59. Kg1 Qe1+ 1/2-1/2

[Event "Bundesliga 2022-23"]
[Site "Kiel GER"]
[Date "2023.10.22"]
[Round "15.6"]
[White "Olsen, Filip Boe"]
[Black "Kovacevic, Aleksandar"]
[Result "1/2-1/2"]
[WhiteElo "2435"]
[BlackElo "2486"]
[EventDate "2022.10.22"]
[Board "5"]

1. d4 Nf6 2. c4 e6 3. Nf3 b6 4. g3 Bb7 5. Bg2 Be7 6. O-O O-O 7. Re1 Na6 8.
h4 d5 9. cxd5 exd5 10. Nc3 c5 11. Bf4 Nc7 12. e3 Ne6 13. Be5 Ne4 14. dxc5
Nxc3 15. Bxc3 bxc5 16. Qd3 Bf6 17. Red1 Bxc3 18. bxc3 Qc7 19. Ng5 Nxg5 20.
hxg5 Rad8 21. Rab1 Ba8 22. Rd2 Rfe8 23. Rbd1 Qe5 24. Qb5 Qxc3 25. Bxd5 Rb8
26. Qd7 Bxd5 27. Rxd5 Qa3 28. Qc7 g6 29. Qxc5 Qxa2 30. R5d2 Qa4 31. Rd4 Qb5
32. Qxa7 1/2-1/2

[Event "Bundesliga 2022-23"]
[Site "Kiel GER"]
[Date "2023.10.22"]
[Round "15.6"]
[White "Palac, Mladen"]
[Black "Fromm, Marius"]
[Result "1/2-1/2"]
[WhiteElo "2489"]
[BlackElo "2457"]
[EventDate "2022.10.22"]
[Board "6"]

1. d4 d5 2. c4 Nc6 3. Nc3 Nf6 4. Nf3 dxc4 5. h3 a6 6. e4 b5 7. d5 Nb4 8. a3
Nd3+ 9. Bxd3 cxd3 10. Qxd3 e6 11. Bg5 Be7 12. Rd1 O-O 13. O-O Bb7 14. Qc2
exd5 15. Bxf6 Bxf6 16. Nxd5 c6 17. Nxf6+ Qxf6 18. Rd7 Bc8 19. e5 Qg6 20.
Qxg6 fxg6 21. Rc7 Bxh3 22. Nd4 Rfc8 23. Rxc8+ Bxc8 24. Rc1 Bd7 25. e6 Be8
26. Nxc6 Bxc6 27. Rxc6 Kf8 28. Kh2 Ke7 29. Rc7+ Kxe6 30. Rxg7 Rc8 31. Rxh7
Rc2 32. Ra7 Rxb2 33. Rxa6+ Kf5 34. f3 b4 35. axb4 Rxb4 36. g4+ Kg5 37. Kg3
Rb3 38. Rc6 Ra3 39. Rc8 Rb3 40. Rf8 Ra3 41. Rf7 Rb3 42. Kg2 Rb2+ 43. Kg3
1/2-1/2

[Event "Bundesliga 2022-23"]
[Site "Kiel GER"]
[Date "2023.10.22"]
[Round "15.6"]
[White "Arndt, Magnus"]
[Black "Zelcic, Robert"]
[Result "0-1"]
[WhiteElo "2414"]
[BlackElo "2492"]
[EventDate "2022.10.22"]
[Board "7"]

1. e4 d5 2. exd5 Qxd5 3. Nc3 Qa5 4. d4 Nf6 5. Bc4 c6 6. Nf3 Bf5 7. Bd2 Nbd7
8. Qe2 Qc7 9. O-O e6 10. Bb3 Bd6 11. h3 h6 12. Rfe1 Rd8 13. Rad1 O-O 14. a4
a6 15. Kh1 Rfe8 16. g4 Bg6 17. Ne5 Bxe5 18. dxe5 Nd5 19. Nxd5 exd5 20. f4
Be4+ 21. Kg1 Nc5 22. Be3 Nxb3 23. cxb3 c5 24. b4 f6 25. Bxc5 fxe5 26. fxe5
Qxe5 27. Qh2 Qe6 28. a5 Qg6 29. Qf4 Re6 30. Qc7 Rde8 31. Re3 Rf6 32. Rde1
Rf7 33. Qg3 Re6 34. R3e2 Ref6 35. Rf2 Rf3 36. Rxf3 Rxf3 37. Qb8+ Kh7 38.
Re3 Qf6 39. Rxf3 Qxf3 40. Qh2 d4 41. g5 Qd1+ 42. Kf2 Qd2+ 0-1

[Event "Bundesliga 2022-23"]
[Site "Kiel GER"]
[Date "2023.10.22"]
[Round "15.6"]
[White "Genov, Petar"]
[Black "Farokhi, Keyvan"]
[Result "1/2-1/2"]
[WhiteElo "2413"]
[BlackElo "2256"]
[EventDate "2022.10.22"]
[Board "8"]

1. Nf3 Nf6 2. c4 g6 3. b3 Bg7 4. Bb2 O-O 5. g3 d6 6. Bg2 e5 7. O-O c6 8. d3
a5 9. Nc3 Re8 10. Rc1 d5 11. cxd5 cxd5 12. Nb5 Nc6 13. d4 e4 14. Ne5 Qb6
15. Nd6 Rf8 16. Qc2 Be6 17. Nxc6 bxc6 18. Qxc6 Ra6 19. Qxb6 Rxb6 20. Ba3
Rd8 21. Bc5 Rbxd6 22. Bxd6 Rxd6 23. e3 Bf8 24. Rc7 Ra6 25. Rfc1 a4 26. Bf1
Ra8 27. bxa4 Rxa4 28. R1c2 Ba3 29. Kg2 Ra5 30. R7c6 Ne8 31. Ra6 Rxa6 32.
Bxa6 Nd6 33. Rc3 Bb4 34. Rb3 Ba5 35. Rb8+ Kg7 36. Ra8 Kf6 37. Be2 Bd2 38.
h3 Ke7 39. g4 h6 40. Kg3 Nc4 41. h4 Be1 42. Kg2 f5 43. Ra7+ Kf6 44. Ra6 Ke7
45. h5 gxh5 46. gxf5 Bxf5 47. Rxh6 Bg4 48. Bxg4 hxg4 49. Rh1 Bd2 50. Rb1
Kd6 51. Kg3 Kc6 52. Kxg4 Kd6 53. Kf4 Kc6 54. Kf5 Nd6+ 55. Ke6 Nc4 56. a4
Nd6 57. Rh1 Nc4 58. Rd1 Ba5 59. Rb1 Nd6 60. Rg1 Nc4 61. Rc1 Bd2 62. Rb1 Nd6
63. Ke5 Nc4+ 64. Kf4 Nb6 65. Ra1 Bc3 66. Ra2 Nc4 67. Rc2 Be1 68. Kg3 Kb6
69. Re2 Bb4 70. Kf4 Kc6 71. f3 exf3 72. Kxf3 Kb6 73. Ra2 Ka5 74. Ke2 Na3
75. Kd3 Kxa4 76. Rh2 Kb5 77. e4 dxe4+ 78. Kxe4 Kc6 79. Rh6+ Bd6 80. d5+ Kd7
81. Rh7+ Be7 82. Kd4 Nb5+ 83. Ke5 Nd6 84. Rh1 Nc4+ 85. Kd4 Nd6 86. Rh7 Nf5+
87. Ke5 Nd6 88. Rh2 Nc4+ 1/2-1/2

[Event "Bundesliga 2022-23"]
[Site "Munich GER"]
[Date "2023.10.22"]
[Round "15.7"]
[White "Eljanov, Pavel"]
[Black "Maghsoodloo, Parham"]
[Result "1/2-1/2"]
[WhiteElo "2704"]
[BlackElo "2730"]
[EventDate "2022.10.22"]
[Board "1"]

1. d4 Nf6 2. c4 e6 3. Nc3 Bb4 4. e3 O-O 5. Bd3 d5 6. a3 Bxc3+ 7. bxc3 dxc4
8. Bxc4 c5 9. Nf3 Qc7 10. Be2 b6 11. O-O Bb7 12. Bb2 Nbd7 13. c4 Rfd8 14.
Re1 Rac8 15. Bf1 cxd4 16. exd4 Qf4 17. Qd2 Qd6 18. Qb4 Qf4 19. Qd2 Qd6 20.
Qc3 b5 21. c5 Qb8 22. Nd2 a6 23. Rad1 Nb6 24. Qg3 Qxg3 25. hxg3 Na4 26. Ba1
Nd7 27. g4 e5 28. Nb3 Bd5 29. Na5 exd4 30. c6 Bxc6 31. Nxc6 Rxc6 32. Rxd4
Kf8 33. Red1 Nac5 34. a4 Nb3 35. Rd5 Nxa1 36. axb5 axb5 37. Bxb5 Rcc8 38.
Bxd7 Rc7 39. Ba4 Rxd5 40. Rxd5 Nc2 41. Rd8+ Ke7 42. Re8+ Kf6 43. Re4 g5 44.
Kh2 Na3 45. Re3 Nc4 46. Rc3 Rc8 47. Bd7 Rd8 48. Rxc4 1/2-1/2

[Event "Bundesliga 2022-23"]
[Site "Munich GER"]
[Date "2023.10.22"]
[Round "15.7"]
[White "Tabatabaei, M. Amin"]
[Black "Saric, Ivan"]
[Result "1/2-1/2"]
[WhiteElo "2677"]
[BlackElo "2674"]
[EventDate "2022.10.22"]
[Board "2"]

1. d4 Nf6 2. c4 e6 3. g3 Bb4+ 4. Bd2 a5 5. Bg2 d5 6. Nf3 O-O 7. Qc2 c5 8.
cxd5 cxd4 9. Nxd4 Qb6 10. Nf3 Bxd2+ 11. Nbxd2 exd5 12. O-O Nc6 13. Rac1 Bg4
14. h3 Be6 15. a3 Rac8 16. Qd3 Rfe8 17. e3 Ne4 18. Nxe4 dxe4 19. Qxe4 Bxh3
20. Qb1 Bxg2 21. Kxg2 Qb5 22. Rfd1 g6 23. Rc3 Rcd8 24. Rxd8 Rxd8 25. Qc2
Ne5 26. Qb3 Qxb3 27. Rxb3 Nxf3 28. Kxf3 Rb8 29. Rb5 b6 30. Ke4 Re8+ 31. Kd5
Re6 32. Rb3 g5 33. f4 a4 34. Rc3 gxf4 35. exf4 h5 36. f5 Re2 37. b3 axb3
38. Rxb3 Kg7 39. Kc6 Kf6 40. Kxb6 Kxf5 41. a4 Re6+ 42. Kb5 Re5+ 43. Kb4
Re4+ 44. Kb5 Re5+ 45. Kb6 Re6+ 46. Kb7 Re7+ 47. Kb6 1/2-1/2

[Event "Bundesliga 2022-23"]
[Site "Munich GER"]
[Date "2023.10.22"]
[Round "15.7"]
[White "Indjic, Aleksandar"]
[Black "Huschenbeth, Niclas"]
[Result "1-0"]
[WhiteElo "2636"]
[BlackElo "2599"]
[EventDate "2022.10.22"]
[Board "3"]

1. Nf3 d5 2. c4 d4 3. g3 Nc6 4. Bg2 e5 5. d3 Nf6 6. O-O a5 7. e3 Be7 8.
exd4 exd4 9. Na3 O-O 10. Nb5 Bf5 11. h3 h6 12. Bf4 Rc8 13. Re1 Bh7 14. a3
Nd7 15. b3 Nc5 16. Bf1 g5 17. Bd2 Bf6 18. Qc2 Ra8 19. b4 Nd7 20. Nh2 Bg7
21. bxa5 Nxa5 22. Bb4 c5 23. Bxa5 Rxa5 24. Nf3 Nb8 25. Nd2 Ra8 26. Bg2 Qd7
27. Ne4 Na6 28. Ned6 Rab8 29. Re2 Rfd8 30. Rae1 Bf8 31. Ne4 Kg7 32. g4 Nc7
33. Nxc7 Qxc7 34. Ng3 Bd6 35. Nh5+ Kf8 36. Be4 Bxe4 37. Rxe4 Re8 38. Qe2
Qc6 39. Qf3 Rxe4 40. Rxe4 Bf4 41. Nxf4 gxf4 42. Qxf4 Ra8 43. Re5 Ra6 44. a4
Rxa4 45. Rf5 Ra1+ 46. Kh2 Rh1+ 47. Kg3 Rg1+ 48. Kh4 Qe6 49. Rf6 Qe7 50.
Qxh6+ Kg8 51. Qg5+ Kf8 52. Rb6 Qxg5+ 53. Kxg5 Rh1 54. h4 Rh3 55. f4 Rxd3
56. Rxb7 Rc3 57. Kf6 Ke8 58. h5 d3 59. Re7+ Kd8 60. Re1 Rxc4 61. h6 Rxf4+
62. Kg5 Rf2 63. Rh1 f6+ 64. Kg6 Re2 65. h7 Re8 66. Rc1 Ke7 67. Rxc5 Rd8 68.
Rc3 f5 69. gxf5 Rd6+ 70. Kg5 d2 71. h8=Q 1-0

[Event "Bundesliga 2022-23"]
[Site "Munich GER"]
[Date "2023.10.22"]
[Round "15.7"]
[White "Alonso Rosell, Alvar"]
[Black "Martinovic, Sasa"]
[Result "1-0"]
[WhiteElo "2566"]
[BlackElo "2559"]
[EventDate "2022.10.22"]
[Board "4"]

1. Nf3 Nf6 2. c4 g6 3. d4 Bg7 4. g3 O-O 5. Bg2 d6 6. Nc3 Nbd7 7. O-O e5 8.
e4 exd4 9. Nxd4 Nc5 10. h3 Re8 11. Re1 h6 12. Rb1 a5 13. Bf4 Ne6 14. Nxe6
Bxe6 15. Qd3 Nd7 16. b3 Ne5 17. Qc2 Qd7 18. Kh2 g5 19. Bd2 Bxh3 20. Bxh3
Nf3+ 21. Kg2 Nxe1+ 22. Rxe1 g4 23. Bxg4 Qxg4 24. Nd5 c6 25. Nc7 h5 26. Qd3
h4 27. Rh1 hxg3 28. f3 Qd7 29. Nxa8 Rxa8 30. e5 Kf8 31. Bh6 1-0

[Event "Bundesliga 2022-23"]
[Site "Munich GER"]
[Date "2023.10.22"]
[Round "15.7"]
[White "Bischoff, Klaus"]
[Black "Costa, Leonardo"]
[Result "1/2-1/2"]
[WhiteElo "2480"]
[BlackElo "2364"]
[EventDate "2022.10.22"]
[Board "6"]

1. d4 d5 2. c4 e6 3. Nc3 Nf6 4. Bg5 Be7 5. e3 h6 6. Bh4 O-O 7. Rc1 b6 8.
cxd5 Nxd5 9. Nxd5 exd5 10. Bxe7 Qxe7 11. Ne2 Ba6 12. Nf4 Bxf1 13. Kxf1 Qd6
14. Qc2 Rc8 15. Qf5 Rd8 16. Ke2 Nc6 17. Rhd1 Ne7 18. Qd3 a5 19. g3 c5 20.
Qb5 Rdc8 21. Kf1 a4 22. dxc5 bxc5 1/2-1/2

[Event "Bundesliga 2022-23"]
[Site "Munich GER"]
[Date "2023.10.22"]
[Round "15.7"]
[White "Berchtenbreiter, Maximilian"]
[Black "Lokander, Martin"]
[Result "1-0"]
[WhiteElo "2489"]
[BlackElo "2448"]
[EventDate "2022.10.22"]
[Board "7"]

1. e4 e5 2. Nf3 Nc6 3. Bb5 a6 4. Ba4 Nf6 5. O-O d6 6. Re1 Bd7 7. c3 g6 8.
d4 Bg7 9. Bxc6 Bxc6 10. dxe5 Nxe4 11. exd6 O-O 12. dxc7 Qxc7 13. Be3 Rad8
14. Nbd2 Nxd2 15. Nxd2 b5 16. Bc5 Rfe8 17. Rxe8+ Bxe8 18. Be3 Bc6 19. Rc1
Qd7 20. Qf1 Qe6 21. Nb3 Bd5 22. Rd1 Bf6 23. Nc5 Qc8 24. Bd4 Bxg2 25. Bxf6
Rd5 26. Qe2 Qa8 27. Rxd5 Bxd5 28. Qe7 Bh1 29. Qd8+ 1-0

[Event "Bundesliga 2022-23"]
[Site "Munich GER"]
[Date "2023.10.22"]
[Round "15.7"]
[White "Johansson, Linus"]
[Black "Watson, William N"]
[Result "1-0"]
[WhiteElo "2463"]
[BlackElo "2486"]
[EventDate "2022.10.22"]
[Board "8"]

1. d4 d6 2. Nf3 Nf6 3. c4 g6 4. Nc3 Bf5 5. Qb3 Qc8 6. Bg5 Bg7 7. e3 O-O 8.
Be2 Re8 9. Nd2 e5 10. d5 e4 11. Qd1 h6 12. Bxf6 Bxf6 13. Rc1 g5 14. Nb3 Nd7
15. Nd4 Bg6 16. Bg4 Qd8 17. O-O Nc5 18. Rc2 Re5 19. Bh5 Bh7 20. Rd2 Bg7 21.
b4 Nd7 22. Qb3 Qe7 23. Rc1 a6 24. Bg4 f5 25. Be2 Nf6 26. c5 f4 27. cxd6
cxd6 28. Nd1 Kh8 29. Rdc2 Nxd5 30. b5 axb5 31. Bxb5 Bg8 32. Rc8 Rxc8 33.
Rxc8 Nf6 34. Bc4 Rc5 35. Ra8 d5 36. Be2 Ne8 37. h4 Bxd4 38. exd4 Rc7 39.
Qh3 gxh4 40. Qf5 Qf6 41. Qh5 Nd6 42. Qxd5 Rg7 43. Qe5 Qg6 44. Bf1 h3 45.
Qxf4 hxg2 46. Be2 Nf5 47. Qxe4 Qd6 48. Qe5 Qxd4 49. Rxg8+ Kxg8 50. Qxf5 Qd2
51. Qe6+ Kh8 52. Bg4 Qg5 53. Ne3 Qh4 54. Qe8+ Kh7 55. Bf5+ 1-0

[Event "Bundesliga 2022-23"]
[Site "Munich GER"]
[Date "2023.10.22"]
[Round "15.8"]
[White "Sedlak, Nikola"]
[Black "Bluebaum, Matthias"]
[Result "0-1"]
[WhiteElo "2450"]
[BlackElo "2660"]
[EventDate "2022.10.22"]
[Board "1"]

1. d4 Nf6 2. Nf3 d5 3. Bf4 c5 4. e3 e6 5. Be2 Qb6 6. Qc1 Nc6 7. c3 Nh5 8.
Be5 Be7 9. h3 Nxe5 10. dxe5 g6 11. O-O Bd7 12. a4 a6 13. a5 Qc7 14. c4 Bc6
15. Nbd2 d4 16. exd4 Nf4 17. Re1 cxd4 18. Bf1 d3 19. Ne4 Ne2+ 20. Bxe2 Bxe4
21. Qe3 Bb4 22. Reb1 Qxc4 23. Rc1 Qd5 24. Rd1 Bc5 25. Qf4 Bxf2+ 26. Kxf2
Qc5+ 27. Kg3 dxe2 28. Rdc1 Qd5 29. Ng5 Bf5 30. Qa4+ Kf8 31. Nf3 Kg7 32. Rc7
h6 33. Re1 Bd3 34. Qf4 Rhf8 35. Rec1 Rad8 36. Nh2 Bf5 37. Nf3 Qxa5 0-1